000 00535cam a2200205 4500
001 D16083
008 090401t1972 xxu||||| |||| 00| 0 eng d
035 _a(Sirsi) u27044
041 _aeng
050 _a692.3
090 _aRICS 1972/11ABD
110 _aRoyal Institution of Chartered Surveyors
_94900
245 _aReport of the joint working party on measurement conventions
260 _bRICS/NFBTE
_c1972
300 _a56. 29p
350 _a1.5
520 _aFiled in box 1972/11 ABD
942 _n0
948 _c04/03/1997
999 _c89033
_d89033